Co je nového v psychologii / Zbyněk Vybíral
Record details
- ISBN: 978-80-906751-0-0
- Physical Description: 115 stran ; 21 cm
- Edition: 1. vydání
- Publisher: Praha : Nová beseda, 2017
Content descriptions
| General Note: | Označení na hřbetu: CJN 006 |
| Bibliography, etc. Note: | Obsahuje bibliografie, bibliografické odkazy a rejstřík |
| Language Note: | České a anglické resumé |
Search for related items by subject
| Subject: | sociální psychologie psychologie osobnosti psychologický výzkum social psychology psychology of personality psychological research |
| Genre: | studie studies |
Available copies
- 1 of 1 copy available at Common Catalog SPOK.
Holds
- 0 current holds with 1 total copy.
Show Only Available Copies
| Location | Call Number / Copy Notes | Barcode | Shelving Location | Status | Due Date |
|---|---|---|---|---|---|
| Jabok Library | Psy-3/V
Pořízeno z projektu Škola jako místo, kde se vzdělává a žije: CZ.07.4.68/0.0/0.0/16_037/0000325
|
424480040305 | Odborná literatura | Available | - |
| LDR | 01519nam a2200469 i 4500 | ||
|---|---|---|---|
| 001 | 30221 | ||
| 003 | CZ-PrJAB | ||
| 005 | 20180417130425.0 | ||
| 007 | ta | ||
| 008 | 170908s2017 xr f 001 0 cze | ||
| 020 | . | ‡a978-80-906751-0-0 ‡q(vázáno) | |
| 035 | . | ‡a(CZ PrNK)nkc20172931877 | |
| 035 | . | ‡a(OCoLC)1015197901 | |
| 040 | . | ‡aABA001 ‡bcze ‡dOLA001 ‡erda | |
| 041 | 0 | . | ‡acze ‡bcze ‡beng |
| 072 | 7. | ‡a159.9 ‡xPsychologie ‡2Konspekt ‡917 | |
| 080 | . | ‡a316.6 ‡2MRF | |
| 080 | . | ‡a159.923 ‡2MRF | |
| 080 | . | ‡a159.9.07 ‡2MRF | |
| 080 | . | ‡a(048.8) ‡2MRF | |
| 100 | 1 | . | ‡aVybíral, Zbyněk, ‡d1961- ‡7jn19990216186 ‡4aut |
| 245 | 1 | 0. | ‡aCo je nového v psychologii / ‡cZbyněk Vybíral |
| 250 | . | ‡a1. vydání | |
| 264 | 1. | ‡aPraha : ‡bNová beseda, ‡c2017 | |
| 300 | . | ‡a115 stran ; ‡c21 cm | |
| 336 | . | ‡atext ‡btxt ‡2rdacontent | |
| 337 | . | ‡abez média ‡bn ‡2rdamedia | |
| 338 | . | ‡asvazek ‡bnc ‡2rdacarrier | |
| 500 | . | ‡aOznačení na hřbetu: CJN 006 | |
| 504 | . | ‡aObsahuje bibliografie, bibliografické odkazy a rejstřík | |
| 546 | . | ‡aČeské a anglické resumé | |
| 650 | 0 | 7. | ‡asociální psychologie ‡7ph116212 ‡2czenas |
| 650 | 0 | 7. | ‡apsychologie osobnosti ‡7ph115951 ‡2czenas |
| 650 | 0 | 7. | ‡apsychologický výzkum ‡7ph124806 ‡2czenas |
| 650 | 0 | 9. | ‡asocial psychology ‡2eczenas |
| 650 | 0 | 9. | ‡apsychology of personality ‡2eczenas |
| 650 | 0 | 9. | ‡apsychological research ‡2eczenas |
| 655 | 7. | ‡astudie ‡7fd133597 ‡2czenas | |
| 655 | 9. | ‡astudies ‡2eczenas | |
| 910 | . | ‡aABG312 | |
| 901 | . | ‡a30221 ‡b ‡c30221 ‡tbiblio | |